Rozpoznaj powiaty z siedzibami w miastach na prawach powiatu - Statystyki

Ogólne statystyki
  • Ten quiz został rozwiązany 67 razy
  • Średni wynik to 36 z 45
Statystyki odpowiedzi
Gminy w powiecie Odpowiedź % Poprawnych
Łapy, Suraż, Supraśl, Wasilków, Michałowo, Zabłudów, Tykocin, Choroszcz, Dobrzyniewo Duże, Zawady, Poświętne, Turośń Kościelna, Juchnowiec Kościelny, Czarna B., Gródek białostocki
89%
Siechnice, Kąty W., Sobótka, Długołęka, Czernica, Żórawina, Kobierzyce, Jordanów Śląski, Mietków wrocławski
89%
Koronowo, Solec Kujawski, Sicienko, Nowa Wieś Wielka, Dąbrowa Chełmińska, Dobrcz, Osielsko, Białe Błota, bydgoski
87%
Mielno, Sianów, Polanów, Bobolice, Manowo, Biesiekierz, Będzino, Świeszyno koszaliński
87%
Szczebrzeszyn, Zwierzyniec, Krasnobród, Nielisz, Skierbieszów, Grabowiec, Sitno, Miączyn, Łabunie, Komarów-Osada, Sułów, Adamów, Radecznica, Stary Zamość zamojski
87%
Szczyrk, Czechowice-Dziedzice, Wilamowice, Jaworze, Kozy, Porąbka, Jasienica, Wilkowice, Bestwina, Buczkowice bielski
85%
Skawina, Skała, Słomniki, Świątniki Górne, Krzeszowice, Mogilany, Liszki, Wielka Wieś, Czernichów, Zabierzów, Michałowice, Zielonki, Iwanowice, Jerzmanowice-Przeginia, Kocmyrzów-Luborzyca, Igołomia-Wawrzeńczyce, Sułoszowa krakowski
85%
Krynica-Zdrój, Grybów, Muszyna, Piwniczna-Zdrój, Stary Sącz, Rytro, Podegrodzie, Łabowa, Nawojowa, Kamionka Wielka, Korzenna, Gródek nad Dunajcem, Łącko, Łososina Dolna nowosądecki
85%
Dobre Miasto, Olsztynek, Jeziorany, Biskupiec, Barczewo, Kolno, Purda, Stawiguda, Świątki, Gietrzwałd, Dywity, Jonkowo olsztyński
85%
Ozimek, Niemodlin, Tułowice, Prószków, Komprachcice, Dąbrowa, Dobrzeń Wielki, Popielów, Łubniany, Murów, Turawa, Tarnów Opolski, Chrząstowice opolski
85%
Ustka, Kępice, Smołdzino, Główczyce, Kobylnica, Damnica, Dębnica Kaszubska, Potęgowo słupski
85%
Blachownia, Koniecpol, Poczesna, Konopiska, Starcza, Kamienica Polska, Rędziny, Mykanów, Kruszyna, Kłomnice, Dąbrowa Zielona, Janów, Olsztyn, Mstów, Lelów częstochowski
84%
Bełżyce, Bychawa, Wojciechów, Borzechów, Zakrzew, Wólka, Wysokie, Niedrzwica Duża, Strzyżewice, Jabłonna, Krzczonów, Głusk, Konopnica, Jastków, Garbów, Niemce lubelski
84%
Luboń, Puszczykowo, Mosina, Stęszew, Kórnik, Swarzędz, Murowana Goślina, Pobiedziska, Kostrzyn, Kleszczewo, Komorniki, Dopiewo, Tarnowo Podgórne, Rokietnica, Suchy Las, Czerwonak poznański
84%
Chełmża, Łubianka, Łysomice, Lubicz, Obrowo, Wielka Nieszawka, Zławieś Wielka toruński
84%
Boguszów-Gorce, Szczawno-Zdrój, Jedlina-Zdrój, Głuszyca, Mieroszów, Walim, Czarny Bór, Stare Bogaczowice wałbrzyski
84%
Międzyrzec Podlaski, Terespol, Kodeń, Zalesie, Rokitno, Sławatycze, Tuczna, Sosnówka, Piszczac, Łomazy, Rossosz, Wisznice, Drelów, Konstantynów, Janów Podlaski bialski
82%
Knurów, Pyskowice, Toszek, Sośnicowice, Gierałtowice, Pilchowice, Rudziniec, Wielowieś gliwicki
82%
Chmielnik, Chęciny, Daleszyce, Pierzchnica, Bodzentyn, Nowa Słupia, Bieliny, Raków, Górno, Masłów, Zagnańsk, Miedziana Góra, Mniów, Łopuszno, Strawczyn, Piekoszów kielecki
82%
Chojnów, Prochowice, Miłkowice, Kunice, Krotoszyce, Legnickie Pole, Ruja Legnicki
82%
Dubiecko, Bircza, Krzywcza, Krasiczyn, Fredropol, Żurawica, Orły, Stubno, Medyka przemyski
82%
Wojnicz, Żabno, Radłów, Ryglice, Tuchów, Zakliczyn, Ciężkowice, Szerzyny, Rzepiennik Strzyżewski, Gromnik, Pleśna, Skrzyszów, Lisia Góra, Wierzchosławice, Wietrzychowice tarnowski
82%
Lubień Kujawski, Kowal, Chodecz, Izbica Kujawska, Lubraniec, Brześć Kujawski, Choceń, Boniewo, Baruchowo, Lubień, Fabianki włocławski
82%
Pasłęk, Tolkmicko, Młynary, Milejewo, Godkowo, Rychliki, Markusy, Gronowo El. elbląski
80%
Jedwabne, Nowogród, Przytuły, Piątnica, Wizna, Zbójna, Śniadowo, Miastkowo łomżyński
80%
Dynów, Tyczyn, Boguchwała, Błażowa, Głogów Małopolski, Sokołów Małopolski, Trzebownisko, Świlcza, Lubenia, Krasne, Chmielnik, Hyżne rzeszowski
80%
Mordy, Korczew, Kotuń, Skórzec, Wiśniew, Wodynie, Zbuczyn, Domanice, Paprotnia, Przesmyki, Suchożebry, Mokobody siedlecki
80%
Szypliszki, Rutka-Tartak, Wiżajny, Przerośl, Filipów, Jeleniewo, Bakałarzewo, Raczki suwalski
80%
Ożarów M., Łomianki, Błonie, Izabelin, Leszno, Stare Babice, Kampinos warszawski zachodni
80%
Sulechów, Czerwieńsk, Nowogród Bobrzański, Kargowa, Babimost, Świdnica, Trzebiechów, Bojadła, Zabór zielonogórski
80%
Jedlicze, Rymanów, Dukla, Iwonicz-Zdrój, Jaśliska, Chorkówka, Miejsce Piastowe, Krościenko Wyżne, Korczyna, Wojaszówka krośnieński
79%
Rejowiec, Rejowiec Fabryczny, Siedliszcze, Dubienka, Leśniowice, Wojsławice, Sawin, Ruda-Huta, Dorohusk, Białopole, Żmudź, Wierzbica chełmski
77%
Kostrzyn nad Odrą, Witnica, Lubiszyn, Bogdaniec, Deszczno, Santok, Kłodawa gorzowski
77%
Koluszki, Rzgów, Tuszyn, Brojce, Andrespol, Nowosolna łódzki wschodni
77%
Pionki, Iłża, Skaryszew, Jedlnia-Letnisko, Wolanów, Zakrzew, Przytyk, Wierzbica, Jedlińsk, Jastrzębia, Kowala, Gózd radomski
77%
Łasin, Radzyń Chełmiński, Gruta, Świecie nad Osą, Rogóźno grudziądzki
75%
Golina, Ślesin, Kleczew, Rychwał, Sompolno, Wilczyn, Skulsk, Wierzbinek, Kramsk, Krzymów, Grodziec, Rzgów, Kazimierz Biskupi, Stare Miasto koniński
74%
Opatówek, Koźminek, Stawiszyn, Brzeziny, Godziesze Wielkie, Szczytniki, Lisków, Żelazków, Ceków-Kolonia, Blizanów, Mycielin kaliski
72%
Sulejów, Wolbórz, Ręczno, Rozprza, Aleksandrów, Gorzkowice, Łęki Szlacheckie, Grabica, Wola Krzysztoporska, Moszczenica, Czarnocin piotrkowski
72%
Kowary, Szklarska Poręba, Piechowice, Karpacz, Podgórzyn, Mysłakowice, Jeżów Sudecki, Janowice Wielkie, Stara Kamienica karkonoski
70%
Czerwionka-Leszczyny, Świerklany, Lyski, Gaszowice, Jejkowice rybnicki
70%
Bolimów, Kowiesy, Nowy Kawęczyn, Głuchów, Słupia, Maków, Lipce Reymontowskie skierniewicki
70%
Myszyniec, Kadzidło, Rzekuń, Lelis, Łyse, Czarnia, Baranowo, Olszewo-Borki, Goworowo, Czerwin, Troszyn ostrołęcki
69%
Gąbin, Drobin, Wyszogród, Brudzeń Duży, Stara Biała, Nowy Duninów, Łąck, Staroźreby, Bulkowo, Bodzanów, Mała Wieś, Radzanowo, Słupno, Słubice płocki
67%
Rydzyna, Osieczna, Krzemieniewo, Święciechowa, Włoszakowice, Lipno, Wijewo leszczyński
66%
Nie znaleziono quizów pasujących do podanych kryteriów
Rozkład punktacji
Procent ludzi z każdym wynikiem
Percentyl według liczby udzielonych odpowiedzi
Twoja historia wyników
Nie rozwiązałeś tego quizu